000 00656nam a22002057a 4500
005 20251108165455.0
008 250721s2001 xx 000 0 ara d
020 _a9957001515
082 1 4 _a909.04926/ماج
100 1 _aالماجدي، خزعل
245 1 0 _aالمعتقدات الكنعانية /
264 1 _aعمان :
_bدار الشروق للنشر و التوزيع،
_c2001.
300 _a306ص
490 0 _aسلسة التراث الروحي للإنسان
_v5
650 1 7 _aالتاريخ القديم
650 1 7 _aتاريخ فلسطين
650 1 7 _aالكنعانيون 900-3200 ق. م
942 _2ddc
_cBK
999 _c28763
_d28763